[Event "CZE-ch U10 Girls"]
[Site "Sec u Chrudimi"]
[Date "2007.03.12"]
[Round "3"]
[White "Sikulova, Tereza"]
[Black "Pridalova, Tereza"]
[Result "0-1"]
[WhiteElo "1100"]
[BlackElo "1250"]
[PlyCount "82"]
[EventDate "2007.03.10"]
[EventType "swiss"]
[EventRounds "9"]
[EventCountry "CZE"]
[SourceTitle "EXT 2008"]
[Source "ChessBase"]
[SourceDate "2007.11.25"]
[SourceVersion "1"]
[SourceVersionDate "2007.11.25"]
[SourceQuality "1"]

1. e4 c5 2. Nf3 d6 3. Bc4 Nf6 4. Nc3 Nc6 5. 0-0 e5 6. d3 Be7 7. Bb5 Bd7 8. Be3 0-0 9. Nd2 Nd4 10. Bc4 Bc6 11. Bxd4 exd4 12. Ncb1 d5 13. Bb3 dxe4 14. dxe4 Bd7 15. c3 Bg4 16. Nf3 Nxe4 17. Re1 Ng5 18. Nbd2 dxc3 19. bxc3 Qd3 20. Bc4 Qd6 21. Rb1 b6 22. h3 Bxh3 23. gxh3 Nxh3+ 24. Kh1 Nxf2+ 25. Kg1 Nxd1 26. Rbxd1 Qg3+ 27. Kh1 Bf6 28. Re4 Bxc3 29. Nf1 Qxf3+ 30. Kg1 Qxe4 31. Bd3 Qg4+ 32. Kh1 Qxd1 33. Bc4 b5 34. Bxb5 a6 35. Bc4 Qh5+ 36. Kg1 Qg4+ 37. Kh1 Qxc4 38. Ng3 Qh4+ 39. Kg1 Qxg3+ 40. Kh1 Rae8 41. a4 Re1# 0-1

[Event "CZE-ch U10 Girls"]
[Site "Sec u Chrudimi"]
[Date "2007.03.10"]
[Round "1"]
[White "Sikulova, Tereza"]
[Black "Hatasova, Michaela"]
[Result "1-0"]
[WhiteElo "1250"]
[BlackElo "1250"]
[PlyCount "31"]
[EventDate "2007.03.10"]
[EventType "swiss"]
[EventRounds "9"]
[EventCountry "CZE"]
[SourceTitle "EXT 2008"]
[Source "ChessBase"]
[SourceDate "2007.11.25"]
[SourceVersion "1"]
[SourceVersionDate "2007.11.25"]
[SourceQuality "1"]

1. e4 e5 2. Nf3 Nc6 3. Bb5 a6 4. Ba4 Nf6 5. 0-0 b5 6. Bb3 d6 7. c3 Nxe4 8. d4 exd4 9. cxd4 d5 10. Re1 Be7 11. Nbd2 Nxd2 12. Qxd2 h6 13. h3 0-0 14. Bc2 Bb4 15. Qd3 Bxe1 16. Qh7# 1-0